Open Data Biblioteca Nacional de Portugal


República Portuguesa: Ministério da Cultura
Biblioteca Nacional de Portugal

Catálogo da BNP: acesso por Identificadores Unívocos
Registos Bibliográficos associados ao registo de autoridade

Etiqueta de registo: 02491cbm 02200445 04500
001 759008
003 http://id.bnportugal.gov.pt/bib/catbnp/759008
005 19990108000000.0
095 ## $aPTBN00546378
100 ## $a19940128f16151717k y0pory0103 ba
101 0# $apor
102 ## $aPT
105 ## $ay z 000yy
106 ## $ah
200 0# $aLista de todas as comendas q ha em estes Reynos de Portugal, da Ordem de Christo, da apresentação de S. Mg.de e do Duque de Bragança...$bManuscrito]
210 #1 $d[entre 1615 e 1717]
215 ## $a[78] f., enc.$d32 cm
300 ## $aCópias de várias mãos
321 ## $aDescrição em: Inventario. Secção XIII - Manuscriptos/[José António Moniz]. - Lisboa : BN, 1896
327 11 $aCompendio das comendas do mestrado da Ordem de Nosso Sor Ihus Christo... (entre os anos de 1531 e 1560), (f. 25-57)$aComendas antigas da prim.a instutuição na jurisdição de Thomar q se fizerão depois da pr.a instituição (f. 65-73)$aComendas antigas no Arcebispado de Lisboa (f. 74-77$a[Perguntas feitas a D. Lopo de Almeida sobre as comendas da Ordem de Malta em Portugal] (f. 78)
500 11 $aLista de todas as comendas que há em estes Reinos de Portugal da Ordem de Cristo...
500 10 $aComendas antigas da [Ordem de Cristo] no Arcebispado de Lisboa
500 10 $aPerguntas feitas a Dom Lopo de Almeida sobre as comendas da Ordem de Malta em portugal
500 10 $aCompêndio das comendas do mestrado da Ordem de Nosso Senhor Jesus Cristo...
500 10 $aComendas antigas [da Ordem de Cristo] da primeira instituição na jurisdição de Tomar
500 10 $aComendas [da Ordem de Cristo] na mesma jurisdição de Tomar...
601 02 $aSindicato dos Trabalhadores Gráficos do Sul e Ilhas$317292
601 02 $aOrdem de Malta$xHistória$yPortugal$z1617$xFontes históricas$x[Manuscritos]$2SIPOR$3116876
675 ## $a271(469)"15/16"(058)(0.032)$vBN$zpor$3720981
675 ## $a271(469)"1617"(091)(0.032)$vBN$zpor$3720982
712 02 $aAcademia Real da História Portuguesa$4390$3222
801 #0 $aPT$bBN$gRPC
856 40 $uhttps://purl.pt/51895
856 41 $uhttps://purl.pt/51895/service/media/cover/low
856 49 $uhttps://purl.pt/51895/service/media/pdf$qapplication/pdf
930 ## $lBN$dF. 4329$iMicrofilme
958 ## $aBND$bLivre$cDigitalizado$d1$ehttps://purl.pt/51895/service/media/cover/max
966 ## $lBN$mMICROF$nMicrofilme$sF. 4329
966 ## $lBN$mRESMAN$nPert.: Academia Real da História Portuguesa. - Cota antiga: B-5-7$sCOD. 412
995 ## $aPRR2022 $d20231115$idfontes$zBND

Etiqueta de registo: 00627c 02200193 04500
001 55934
003 http://id.bnportugal.gov.pt/bib/catbnp/55934
005 19981116154200.0
095 ## $aPTBN00057815
100 ## $a19770401d1977 m y0pora0103 ba
101 0# $apor
102 ## $aPT
200 1# $aLista A$e na unidade a força da classe$fSindicato dos Trabalhadores Gráficos do Sul e Ilhas
210 #9 $a[Lisboa]$cS.T.G.S.I.,$d[D.L. 1977]$eLisboa :$gEmp. do Jornal do Comércio)
215 ## $a[12] p.$cil.$d21 cm
675 ## $a331$vmed$zpor$3288026
710 02 $aSindicato dos Trabalhadores Gráficos do Sul e Ilhas$317292
801 #0 $aPT$bBN$gRPC
966 ## $lBN$mFGMON$sS.C. 42361 V.
998 ## $aCR151 - 00154

Etiqueta de registo: 00000nkm 2200025 450
001 2255300
003 http://id.bnportugal.gov.pt/bib/catbnp/2255300
100 ## $a20260127f1975 m y0pory01030103ba
101 0# $apor
102 ## $aPT
200 1# $aGráfico, vota lista A, na unidade e força da classe$bVisual gráfico]$fSindicato dos Trabalhadores Gráficos do Sul e Ilhas Adjacentes
210 #9 $a[S.l.]$cSindicato dos Trabalhadores Gráficos do Sul e Ilhas Adjacentes,$d[posterior a 1975]$e[Lisboa] :$gFotogravura União, Lda)
215 ## $a1 cartaz$ccolor.$d49,2x33,9 cm
306 ## $aDatação atribuída em conformidade com as designações institucionais
317 ## $aColeção Madeira Luís
675 ## $a766(=1:469)"198"(084.5)$vBN$zpor$31620221
710 02 $aSindicato dos Trabalhadores Gráficos do Sul e Ilhas$317292
801 #0 $aPT$bBN$gRPC
966 ## $lBN$mICONOG$sCT. 12858 V.$x3
971 ## $cCaticonografia10$d20260127
995 ## $aPRR2026 $d20260127$iCaticonografia10

Etiqueta de registo: 00000nkm 2200025 450
001 2268886
003 http://id.bnportugal.gov.pt/bib/catbnp/2268886
100 ## $a20260219d1977 m y0pory01030103ba
101 0# $apor
102 ## $aPT
200 1# $aLuta, Unidade, Vitória, Vota lista C, eleições 15 abril 77$bVisual gráfico]$fSindicato dos Trabalhadores Gráficos do Sul e Ilhas
210 #9 $aLisboa$cSindicato dos Trabalhadores Gráficos do Sul e Ilhas,$d1977
215 ## $a1 cartaz$ccolor.$d67x47,6 cm
317 ## $aColeção Madeira Luís
710 02 $aSindicato dos Trabalhadores Gráficos do Sul e Ilhas$317292
801 #0 $aPT$bBN$gRPC
966 ## $lBN$mICONOG$sCT. 21809 A.$x3
971 ## $cCatmusica8$d20260219
995 ## $aPRR2026 $d20260219$iCatmusica8

Etiqueta de registo: 00000nkm 2200025 450
001 2279167
003 http://id.bnportugal.gov.pt/bib/catbnp/2279167
100 ## $a20260311d1979 m y0pory01030103ba
101 0# $apor
102 ## $aPT
200 1# $aGreve dia 18-1-79, trabalhadores em luta pela revisão salarial do seu CCTV$bVisual gráfico]$fSindicato dos T. Gráficos do Sul e Ilhas Adjacentes
210 #9 $a[S.l.]$cSindicato dos T. Gráficos do Sul e Ilhas Adjacentes,$d1979
215 ## $a1 cartaz$ccolor.$d41,5x29,5 cm
317 ## $aColeção Madeira Luís
710 02 $aSindicato dos Trabalhadores Gráficos do Sul e Ilhas$317292
801 #0 $aPT$bBN$gRPC
966 ## $lBN$mICONOG$sCT. 16104 V.$x3
971 ## $cCaticonografia2$d20260311
972 ## $d20260428$e0$vmferro$z0
995 ## $aPRR2026

OpendataBNP@bnportugal.pt | Mais informação sobre acesso aos dados BNP